U.S. Ambassadors to Mexico - Statistics

General Stats
  • This quiz has been taken 2 times
  • The average score is 41 of 81
Answer Stats
Hint Answer % Correct
1852 Edward Smith
100%
2025 - Present Ronald D. Johnson
100%
1852 - 1853 Alfred Conkling
50%
1858 Alfred Mordecai
50%
1829 - 1835 Anthony Butler
50%
2009 - 2011 Carlos Pascual
50%
1924 Charles B. Warren
50%
1986 - 1989 Charles J. Pilliod Jr.
50%
2019 - 2021 Christopher Landau
50%
1853 Christopher L. Ward
50%
1846 David Conner
50%
1906 - 1909 David E. Thompson
50%
1859 David R. Porter
50%
1927 - 1930 Dwight Morrow
50%
2011 - 2015 Earl Anthony Wayne
50%
1888 - 1889 Edward S. Bragg
50%
1905 Edwin H. Conger
50%
1953 - 1957 Francis White
50%
1964 - 1969 Fulton Freeman
50%
1853 George E. Cooper
50%
1850 - 1852 George G. Goss
50%
1942 - 1946 George S. Messersmith
50%
1851 George W. Slacum
50%
1844 Gilbert L. Thompson
50%
1842 Henry E. Lawrence
50%
1910 - 1913 Henry Lane Wilson
50%
1917 - 1919 Henry P. Fletcher
50%
1885 - 1886 Henry R. Jackson
50%
1860 Henry Roy de la Reintrie
50%
1893 - 1895 Isaac P. Gray
50%
1853 - 1856 James Gadsden
50%
1993 - 1997 James R. Jones
50%
1924 - 1927 James R. Sheffield
50%
1816 - 1825 James Wilkinson
50%
1998 - 2002 Jeffrey Davidow
50%
1825 - 1829 Joel Roberts Poinsett
50%
1860 - 1861 John B. Weller
50%
1856 - 1858 John Forsyth Jr.
50%
1981 - 1986 John Gavin
50%
1812 - 1814 John H. Robinson
50%
1989 - 1993 John Negroponte
50%
1845 John Slidell
50%
1873 - 1880 John W. Foster
50%
1974 - 1977 Joseph J. Jova
50%
1933 - 1941 Josephus Daniels
50%
1930 - 1933 J. Reuben Clark
50%
1980 - 1981 Julian Nava
50%
2021 - 2025 Ken Salazar
50%
1866 - 1867 Lewis D. Campbell
50%
1867 Marcus Otterbourg
50%
1895 - 1897 Matt Whitaker Ransom
50%
1843 Moses Yale Beach
50%
1848 - 1849 Nathan Clifford
50%
1977 - 1979 Patrick Lucey
50%
1880 - 1885 Philip Hicky Morgan
50%
1897 - 1905 Powell Clayton
50%
1836 Powhatan Ellis
50%
1839 - 1842 Powhatan Ellis
50%
1854 Richard S. Spofford
50%
2016 - 2018 Roberta S. Jacobson
50%
1957 - 1960 Robert C. Hill
50%
1837 Robert Greenhow
50%
1850 Robert Greenhow
50%
1969 - 1974 Robert H. McBride
50%
1859 - 1860 Robert Milligan McLane
50%
1849 - 1852 Robert P. Letcher
50%
1862 Robert W. Shufelt
50%
1961 - 1963 Thomas C. Mann
50%
1861 - 1864 Thomas Corwin
50%
1886 - 1887 Thomas Courtland Manning
50%
1869 - 1873 Thomas H. Nelson
50%
1889 - 1893 Thomas Ryan
50%
2002 - 2009 Tony Garza
50%
1842 - 1844 Waddy Thompson Jr.
50%
1946 - 1950 Walter C. Thurston
50%
1835 - 1836 William A. Slacum
50%
1858 William M. Churchwell
50%
1950 - 1952 William O'Dwyer
50%
1868 - 1869 William S. Rosecrans
50%
1844 - 1845 Wilson Shannon
50%
1859 Duff Kane
0%
No matching quizzes found
Score Distribution
Percent of People with Each Score
Percentile by Number Answered
Your Score History
You have not taken this quiz